Selena Gomez - Album par image - Statistiques

Statistiques générales
  • Ce quiz a été pris 80 fois
  • Le résultat moyen est 6 sur 8
Statistiques - réponses
Par images Réponse % Correct
Rare
99%
Revival
83%
A Year Without Rain
71%
Stars Dance
70%
Revelación
68%
Kiss And Tell
64%
For You
61%
When The Sun Goes Down
54%
Aucun quiz correspondant
Distribution des résultats
% des personnes avec chaque résultat
Percentile par nombre de réponses
Votre historique - résultats
Vous n’avez pas pris ce quiz